000 01057cam a2200337 a 4500
001 17207321
003 OSt
005 20140310181659.0
008 120313s2012 ph a 000 0 eng
010 _a 2012325091
020 _a9789712726842
040 _aDLC
_cDLC
_dDLC
042 _alcode
_apcc
043 _aa-ph---
050 0 0 _aKPM 1744.51987
_b.L411 2012
082 _aFIL 342.59903
_b.L411 2012
245 0 4 _aThe 1987 Constitution
_bto change or not to change?
_cLa Viña, Antonio G.M....[et al.]
260 _aMandaluyong City, Philippines
_bPublished and exclusively distributed by Anvil Pub.
_cc2012
300 _axiii, 150 p.
_bill.
_c23 cm.
504 _aIncludes bibliographical references (p. 145-148).
521 _aCollege
526 _c1210L-1700L
541 _j1
562 _e1
650 0 _aConstitutional law
_zPhilippines.
700 1 _aLa Viña, Antonio G. M.
700 1 _aGonzalez, Dennis T.
906 _a7
_bcbc
_corigode
_d2
_encip
_f20
_gy-gencatlg
942 _2lcc
_cBK-FIL
_kFIL
999 _c1166
_d1166